000
00294nam a22001337a 4500
008
170609b xxu||||| |||| 00| 0 eng d
020
_a
2901593455100
041
_a
eng
080
_2
6TH
_a
32
100
_a
19
101
_a
SHP
245
_a
POLICING IN AMERICA
_c
GAINES ,L.K
942
_2
udc
_c
BK
999
_c
16690
_d
16690